| 000 | 01146cam a22003497a 4500 | ||
|---|---|---|---|
| 003 | CHAP | ||
| 005 | 20220329142420.0 | ||
| 008 | 001214d2000 us a r 00110 eng d | ||
| 010 | _a83132 | ||
| 011 | _a84104 | ||
| 020 | _a1566705118 | ||
| 035 | _a94623 | ||
| 040 | _cCHAP | ||
| 082 | 0 | 4 |
_a629.1 _bL5 |
| 100 | 0 | 0 |
_aLiu, David H. F. _eed. _967189 |
| 245 | 1 | 0 |
_aGroundwater and surface water pollution _c/ed. by David H.F. Liu and Béla G. Lipták |
| 260 |
_aBoca Raton, Florida : _bLewis Publishers, _c2000. |
||
| 300 |
_a150 p. : _bilus. |
||
| 590 |
_aBATCH-UPD _b10 _c20130110 _lUCH01 _h0713 |
||
| 590 |
_aBATCH-UPD _b10 _c20130410 _lUCH01 _h0358 |
||
| 590 |
_aBATCH-UPD _b10 _c20130914 _lUCH01 _h0312 |
||
| 590 |
_aCONVERSION _b10 _c20130109 _lUCH01 _h1346 |
||
| 650 | 1 | 4 |
_aAgua subterranea. _92456 |
| 650 | 1 | 4 |
_aAgua subterranea _xContaminacion. _92462 |
| 650 | 1 | 4 |
_aAgua _xContaminación. _92351 |
| 650 | 1 | 4 |
_aSensores remotos. _9104427 |
| 700 | 0 |
_aLipták, Béla G. _eed. _967041 |
|
| 901 | _aBK | ||
| 905 | _aLilia Sánchez G. | ||
| 942 | _cLIBRO | ||
| 949 |
_a629.1 L5 _bBC _cLIBRO _d33724000811923 _eLIBRO _gI.208898 _h99241 _i94623 _si _t$480.00 |
||
| 999 |
_c83132 _d83132 |
||